| 000 | 00658nam a2200217 a 4500 | ||
|---|---|---|---|
| 001 | ASIN1849040176 | ||
| 005 | 20170105102926.0 | ||
| 008 | 131212s xxu eng d | ||
| 020 | _a1849040176 (paperback) | ||
| 020 | _a9781849040174 (paperback) | ||
| 040 | _a0 | ||
| 050 | 0 | 4 | _aJC328.6 |
| 082 | 0 | 4 |
_a327.117 _bVIO 2010 |
| 245 | 0 | 0 | _aViolent non-state actors in world politics. |
| 300 |
_a1 v. (unpaged) ; _c22 cm. |
||
| 650 | 0 | _aNon-state actors (International relations) | |
| 650 | 0 | _aPolitical violence | |
| 650 | 0 | _aTerrorism | |
| 856 | 4 | 0 |
_3Amazon.com _uhttp://www.amazon.com/exec/obidos/ASIN/1849040176/chopaconline-20 |
| 942 |
_2ddc _cBK |
||
| 999 |
_c15852 _d15852 |
||